Κατάλογος Βιβλιοθηκών Mediterranean College

Οργανωτική και Διοίκηση των Επιχειρήσεων / Ανάλυσις δραστηριοτήτων της διοικήσεως (Record no. 857)

MARC details
000 -LEADER
fixed length control field 01671cam a22002054a 4500
005 - ΗΜΕΡΟΜΗΝΙΑ ΚΑΙ ΩΡΑ ΤΕΛΕΥΤΑΙΑΣ ΕΝΗΜΕΡΩΣΗΣ
Πεδίο ελέγχου 20250605163947.0
008 - FIXED-LENGTH DATA ELEMENTS--GENERAL INFORMATION
Πεδίο ελέγχου σταθερού μήκους 250528s ||||||||||||||||||||||||d
035 ## - SYSTEM CONTROL NUMBER
System control number 15264
040 ## - ΠΗΓΗ ΚΑΤΑΛΟΓΟΓΡΑΦΗΣΗΣ
Φορέας πρωτότυπης καταλογογράφησης MC Athens Campus Library
Γλώσσα καταλογογράφησης Ελληνικά, Μοντέρνα (1453-)
Modifying agency MC Athens Campus Library
Κανόνες περιγραφικής καταλογογράφησης AACR2
245 1# - ΤΙΤΛΟΣ ΚΑΙ ΔΗΛΩΣΗ ΥΠΕΥΘΥΝΟΤΗΤΑΣ
Τίτλος Οργανωτική και Διοίκηση των Επιχειρήσεων / Ανάλυσις δραστηριοτήτων της διοικήσεως
250 ## - EDITION STATEMENT
Edition statement
260 ## - PUBLICATION, DISTRIBUTION, ETC.
Name of publisher, distributor, etc. Θεόδωρου Π. Τυροβολά,
Date of publication, distribution, etc. 1979
300 ## - PHYSICAL DESCRIPTION
Extent 334
505 0# - FORMATTED CONTENTS NOTE
Formatted contents note Οικ.' Οργανισμοί - Επιχείρησις - Επιχειρηματίας, Φύσις και σημασία της Διοικήσεως - Θεωρία της Διοικήσεως - Δραστηριότητες της Διοικήσεως, Αρχαί του Προγραμματίζειν, Αρχαί του Οργανώνειν, Αρχαί του Επανδρώνειν εις Managers, Αρχαί του Διευθύνειν, Αχαί του Ελέγχειν, Επιχειρηματικά Προβλήματα.
520 ## - SUMMARY, ETC.
Summary, etc. Οικ.' Οργανισμοί - Επιχείρησις - Επιχειρηματίας, Φύσις και σημασία της Διοικήσεως - Θεωρία της Διοικήσεως - Δραστηριότητες της Διοικήσεως, Αρχαί του Προγραμματίζειν, Αρχαί του Οργανώνειν, Αρχαί του Επανδρώνειν εις Managers, Αρχαί του Διευθύνειν, Αχαί του Ελέγχειν, Επιχειρηματικά Προβλήματα.
700 1# - ΠΡΟΣΘΕΤΗ ΑΝΑΓΡΑΦΗ--ΦΥΣΙΚΟ ΠΡΟΣΩΠΟ
Personal name Λιαρμακοπούλος Μ
9 (RLIN) 979
942 ## - ADDED ENTRY ELEMENTS (KOHA)
Koha item type Books
Holdings
Τύπος τεκμηρίου Βιβλιοθήκη Τρέχουσα τοποθεσία Barcode Αριθμός εισαγωγής Ημερομηνία απόκτησης Ταξιθετικό σύμβολο Αριθμός αντιτύπου Κατάσταση απόσυρσης Κατάσταση χαμένου Κατάσταση κατεστραμμένου Μη δανεισμός Σύνολο δανεισμών Ημερομηνία τελευταίας εμφάνισης Η τιμή ισχύει από
Books MC Athens Campus Library MC Athens Campus Library 9780000008565 1508 05/06/2025 658.51 LIA 1           05/06/2025 05/06/2025

MC Athens Campus Library
Πατησίων 94 & Κοδριγκτώνος 13, 104 34
Πελλήνης 8 & Πατησίων 107, 112 51
Τ: +30 210 8899600

MC Thessaloniki Campus Library
Ίωνος Δραγούμη 21, 54625 | Ίωνος Δραγούμη 15, 54625
Τ: +30 2310 287779 – Τ: +30 2314 440300